KATSEYE - Chansons par ordre alphabétique - Statistiques

Statistiques générales
  • Ce quiz a été pris 220 fois
    13 depuis la dernière actualisation
  • Le résultat moyen est 14 sur 15
Statistiques - réponses
Lettres Chansons % Correct
D Debut
100%
F Flame
100%
G Gabriela
100%
I Internet Girl
100%
M M.I.A
100%
P Pinky Up
100%
G Gameboy
91%
G Gnarly
91%
M Mean Girls
91%
M My Way
91%
T Tonight I Might
91%
T Touch
91%
I I'm Pretty
82%
M Monster High Fright Song
73%
T Time Lapse
55%
Aucun quiz correspondant
Distribution des résultats
% des personnes avec chaque résultat
Percentile par nombre de réponses
Votre historique - résultats
Vous n’avez pas pris ce quiz depuis la dernière actualisation